Սահմանադրական մշակույթի արժեբանական ակունքները հայ ժողովրդի հազարամյա տարեգրության ծալքերում : (Record no. 529029)
[ view plain ]
| 000 -LEADER | |
|---|---|
| fixed length control field | 03289nam a2200433 a 4500 |
| 001 - CONTROL NUMBER | |
| control field | 1928403 |
| 003 - CONTROL NUMBER IDENTIFIER | |
| control field | AM-YEHGA |
| 005 - DATE AND TIME OF LATEST TRANSACTION | |
| control field | 20250618080128.0 |
| 008 - FIXED-LENGTH DATA ELEMENTS--GENERAL INFORMATION | |
| fixed length control field | 231101s2023 ai a||||||||||||||0|arm|d |
| 020 ## - INTERNATIONAL STANDARD BOOK NUMBER | |
| International Standard Book Number | 9789939592992 |
| 040 ## - CATALOGING SOURCE | |
| Original cataloging agency | AM-YeHGA |
| 041 0# - LANGUAGE CODE | |
| Language code of text/sound track or separate title | arm |
| -- | eng |
| -- | rus |
| 090 ## - LOCALLY ASSIGNED LC-TYPE CALL NUMBER (OCLC); LOCAL CALL NUMBER (RLIN) | |
| -- | 567358 |
| 245 00 - TITLE STATEMENT | |
| Title | Սահմանադրական մշակույթի արժեբանական ակունքները հայ ժողովրդի հազարամյա տարեգրության ծալքերում : |
| Remainder of title | [ժողովածու] = The axiological origins of constitutional culture through the millennia of Armenian history = Аксиологические истоки конституционной культуры сквозь тысячелетия армянской истории / |
| Statement of responsibility, etc. | Ա. Բոզոյան, Ա. Եղիազարյան, Գ. Թանանյան, Ա. Հակոբյան ; Պատասխանատու-խմբագիրներ՝ Գ. Հարությունյան, Ա.Ե.Մովսիսյան, Տ. Արարատ քհն. Պողոսյան, Ս. Մելքոնյան ; [Սրբագրիչ՝ Ն. Գրիգորյան] ; Կաթողիկոսություն Ամենայն Հայոց ; «Սահմանադրական մշակույթ» միջազգային վերլուծական կենտրոն. |
| 246 15 - VARYING FORM OF TITLE | |
| Title proper/short title | The axiological origins of constitutional culture through the millennia of Armenian history |
| 246 15 - VARYING FORM OF TITLE | |
| Title proper/short title | Аксиологические истоки конституционной культуры сквозь тысячелетия армянской истории |
| 250 ## - EDITION STATEMENT | |
| Edition statement | Երկրորդ վերանայված, լրացված հրատարակություն |
| 260 ## - PUBLICATION, DISTRIBUTION, ETC. | |
| Place of publication, distribution, etc. | Ս. Էջմիածին : |
| Name of publisher, distributor, etc. | Մայր Աթոռ Սուրբ Էջմիածնի հրատարակչություն, |
| Date of publication, distribution, etc. | 2023. |
| 300 ## - PHYSICAL DESCRIPTION | |
| Extent | 1072 էջ + 20 ներդիր թերթ : |
| Other physical details | լուսանկ. ; |
| Dimensions | 24 սմ. |
| 500 ## - GENERAL NOTE | |
| General note | Ն.Ս.Օ.Տ.Տ. Գարեգին Երկրորդի Վեհափառ եւ Սրբազանագոյն կաթողիկոսի Ամենայն Հայոց։ |
| 504 ## - BIBLIOGRAPHY, ETC. NOTE | |
| Bibliography, etc. note | Տողատակում՝ մատենագիտական ծանոթագրություններ: |
| 504 ## - BIBLIOGRAPHY, ETC. NOTE | |
| Bibliography, etc. note | Գրականության ցանկ՝ էջ 976-1023։ |
| 504 ## - BIBLIOGRAPHY, ETC. NOTE | |
| Bibliography, etc. note | Անվանացանկ՝ էջ 1047-1070։ |
| 525 ## - SUPPLEMENT NOTE | |
| Supplement note | Հավելված՝ էջ 1027-1046։ |
| 610 24 - SUBJECT ADDED ENTRY--CORPORATE NAME | |
| Corporate name or jurisdiction name as entry element | Հայաստանի Հանրապետություն : |
| Title of a work | Սահմանադրություն |
| 9 (RLIN) | 6937 |
| 650 10 - SUBJECT ADDED ENTRY--TOPICAL TERM | |
| Topical term or geographic name entry element | Հայոց պատմություն |
| General subdivision | Սահմանադրություն |
| 700 1# - ADDED ENTRY--PERSONAL NAME | |
| Personal name | Բոզոյան, Ազատ Արտաշի, |
| Dates associated with a name | 1954- |
| 9 (RLIN) | 3199 |
| 700 1# - ADDED ENTRY--PERSONAL NAME | |
| Personal name | Եղիազարյան, Արման |
| 700 1# - ADDED ENTRY--PERSONAL NAME | |
| Personal name | Թանանյան, Գրիգոր |
| 700 1# - ADDED ENTRY--PERSONAL NAME | |
| Personal name | Հակոբյան, Ալեքսան |
| 700 1# - ADDED ENTRY--PERSONAL NAME | |
| Personal name | Հարությունյան, Գագիկ |
| Relator term | խմբ. |
| Relationship | edt |
| 9 (RLIN) | 1164 |
| 700 1# - ADDED ENTRY--PERSONAL NAME | |
| Personal name | Մովսիսյան, Ա.Ե. |
| Relator term | խմբ. |
| Relationship | edt |
| 700 1# - ADDED ENTRY--PERSONAL NAME | |
| Personal name | Պողոսյան, Տ. Արարատ |
| Relator term | խմբ. |
| Relationship | edt |
| Fuller form of name | քհն |
| 700 1# - ADDED ENTRY--PERSONAL NAME | |
| Personal name | Մելքոնյան, Սարգիս |
| Relator term | խմբ. |
| Relationship | edt |
| 710 2# - ADDED ENTRY--CORPORATE NAME | |
| Corporate name or jurisdiction name as entry element | Կաթողիկոսություն Ամենայն Հայոց |
| 710 2# - ADDED ENTRY--CORPORATE NAME | |
| Corporate name or jurisdiction name as entry element | «Սահմանադրական մշակույթ» միջազգային վերլուծական կենտրոն |
| 856 41 - ELECTRONIC LOCATION AND ACCESS | |
| Uniform Resource Identifier | <a href="https://arar.sci.am/dlibra/publication/398552/edition/368807/content">https://arar.sci.am/dlibra/publication/398552/edition/368807/content</a> |
| Link text | Կարդալ առցանց |
| 942 ## - ADDED ENTRY ELEMENTS (KOHA) | |
| Source of classification or shelving scheme | Universal Decimal Classification |
| Koha item type | Գրքեր / Books |
| Withdrawn status | Lost status | Source of classification or shelving scheme | Damaged status | Not for loan | Collection | Home library | Current library | Date acquired | Total checkouts | Full call number | Barcode | Date last seen | Price effective from | Koha item type | Public note |
|---|---|---|---|---|---|---|---|---|---|---|---|---|---|---|---|
| Universal Decimal Classification | General | Fundamental Scientific Library | Fundamental Scientific Library | 02/11/2023 | AII/110915 | FL0680737 | 02/11/2023 | 02/11/2023 | Գրքեր / Books | 30 Days Loan | |||||
| Universal Decimal Classification | General | Fundamental Scientific Library | Fundamental Scientific Library | 08/11/2023 | AII/110916 | FL0680764 | 08/11/2023 | 08/11/2023 | Գրքեր / Books | 30 Days Loan |
ՀՀ Գիտությունների ազգային ակադեմիայի հիմնարար գիտական գրադարան = Fundamental Scientific Library of NAS RA
All site content, except where otherwise noted, is licensed under a